000 00644cam a22002413a 4500
001 14215
003 PGUSA
005 20140828083314.0
008 041130s2004||||xxu|||||s|||||000 p eng d
040 _aPGUSA
_beng
042 _adc
050 4 _aPL
100 1 _aMorante, José
245 1 0 _aLandas na Tuntunin
_h[electronic resource] /
_cJosé Morante
260 _bProject Gutenberg,
_c2004
506 _aPublic domain in the USA.
516 _aElectronic text
653 _aTagalog poetry
653 _aPhilippine literature
830 0 _aProject Gutenberg
_v14215
856 4 0 _uhttp://www.gutenberg.org/ebooks/14215
942 _cEB
999 _c243470
_d243470